| 000 | 01501nam a2200469 i 4500 | ||
|---|---|---|---|
| 001 | 41868 | ||
| 003 | KOSZ 005 | ||
| 005 | 20220316123732.0 | ||
| 008 | 150223s2001 pl a f |000 0 pol | ||
| 015 | _aUWD 2015/10879 | ||
| 020 | _a8386149884 | ||
| 035 | _a991031637579705066 | ||
| 035 | _a(PL-WaBN)b32782421-48omnis_nlop | ||
| 035 | _ab32782421 | ||
| 035 | _a(OCoLC)751552523 | ||
| 035 | _a(PL)b0000003278242 | ||
| 035 | _a(EXLNZ-48OMNIS_NETWORK)9910397498205606 | ||
| 040 |
_aWA N _cWA N _dKOSZ 005/HR |
||
| 046 | _k2001 | ||
| 080 | _a(07) | ||
| 080 | _a004.42 | ||
| 080 | _a004.92 | ||
| 100 | 1 |
_aCendrowski, Kamil _eAutor |
|
| 245 | 1 | 0 |
_aAdobe Photoshop 6 : _befekty / _cKamil Cendrowski. |
| 246 | 1 | 8 |
_aPhotoshop 6 : _befekty |
| 260 |
_aWarszawa : _bTranslator, _ccop. 2001. |
||
| 300 |
_a172 s., [10] s. tabl. : _bil. (w tym kolor.) ; _c23 cm + _e1 dysk optyczny (CD-ROM). |
||
| 336 |
_aTekst _btxt _2rdacontent |
||
| 337 |
_aBez urządzenia pośredniczącego _bn _2rdamedia |
||
| 338 |
_aWolumin _bnc _2rdacarrier |
||
| 380 | _aKsiążki | ||
| 388 | _a2001- | ||
| 650 | 7 |
_aPhotoshop _2DBN |
|
| 650 | 7 |
_aProgramy graficzne _2DBN |
|
| 655 | 7 |
_aPodręcznik _2DBN |
|
| 658 | _aInformatyka i technologie informacyjne | ||
| 710 | 2 |
_aWydawnictwo Translator _4pbl |
|
| 856 |
_uhttp://koha.tu.koszalin.pl/cgi-bin/koha/opac-detail.pl?biblionumber=41868 _yKatalog online BPK |
||
| 942 |
_2UKD _cKS |
||
| 999 |
_c41868 _d41868 |
||